| 000 | 01025nam a2200253 a 4500 | ||
|---|---|---|---|
| 001 | 41653 | ||
| 003 | BD-RjUL | ||
| 005 | 20211209053429.0 | ||
| 008 | 160604s1982 i ||||| b||| 00| 0 ben d | ||
| 020 | _c: IRs. 8.00 | ||
| 035 | _a(BD-RjUL)41771 | ||
| 040 |
_aBD-RjUL _bben _cBD-RjUL |
||
| 041 | _aben | ||
| 082 |
_223 _a294.5562095414 _bBHR 1982 |
||
| 100 |
_aভট্টাচার্য, কুমুদকুমার _9127941 |
||
| 245 | 1 | 0 |
_aরামমোহন-ডিরোজিও : _bমূল্যায়ন / _cকুমুদকুমার ভট্টাচার্য |
| 250 | _a১ম সং. | ||
| 260 |
_aকলিকাতা : _bবর্ণ পরিচয়, _c১৯৮২ |
||
| 300 |
_a[৮], ৭২ পৃ. ; _c২৩ সেমি. |
||
| 504 | _aগ্রন্থপঞ্জি সংযুক্ত | ||
| 650 |
_aব্রহ্ম-সমাজ _xসামাজিক দৃষ্টিভঙ্গি _9127942 |
||
| 650 |
_aBrahma-samaj. _xSocial aspects _9127943 |
||
| 942 |
_2ddc _cBK |
||
| 999 |
_c41653 _d41653 |
||